000 01112cam a2200253 a 4500
005 20160419094828.0
008 890622s1974 ck abd r|||| 000 0 spa d
040 _ala
_cla
_dCO-BoIAVH
041 0 _aspa
044 _ack
082 0 4 _a631.44
_bI59e1
110 2 _aInstituto Geográico Agustín Codazzi
_c(Bogotá).
_b, Departamento Agrológico.
245 1 0 _aEstudio detallado de suelos del centro de desarrollo integrado Las Gaviotas (comisaría del Vichada) /
_cIGAC. Depto. Agrológico.
260 _aBogotá :
_bIGAC,
_c1974.
300 _axvii, 283 páginas :
_bilustraciones, mapas color ;
_c27 x 21 centímetros +
_e1 mapa
500 _aVolúmen X, no.3.
504 _aIncluye referencias bibliográficas.
505 2 _aMapa del estudio detallado de suelos del centro de desarrollo integrado "Las gaviotas".
505 2 _aTablas interpretativas del estudio de suelos.
650 2 4 _aSuelos
_v Clasificación.
650 1 4 _aSuelos
_z Las Gaviotas Vichada Colombia
_x Clasificación.
650 2 4 _aSuelos
_z Vichada (Colombia)
_x Clasificación.
942 _2ddc
_cLIBRO
999 _c485
_d485